000 00677nam a2200205Ia 4500
001 12795
003 GE_BSU
008 181216s||||||||xx |||||||||||||| ||und||
040 _cGE_BSU
245 _aСельско-хозяйственная мелиорация, лесоводство и водоснабжение
245 _bУчебник
245 _cПод.ред.Г.Н.Мартыненко
260 _aМосква
260 _bКолос
260 _c1980
300 _a240стр.илл.20см.
300 _cБиблиогр.с.234
653 _aСельскохозяйственная мелиорация и основы геодезии
942 _cBK
999 _c45966
_d45966